Library Banner

Great economists before keynes (Record no. 19744)

MARC details
000 -LEADER
fixed length control field 00463nam a2200181Ia 4500
001 - CONTROL NUMBER
control field 19366
008 - FIXED-LENGTH DATA ELEMENTS--GENERAL INFORMATION
fixed length control field 140407s9999 xx 000 0 und d
020 ## - INTERNATIONAL STANDARD BOOK NUMBER
International Standard Book Number 0-521-36741-7
040 ## - CATALOGING SOURCE
Transcribing agency PK-LaUMT
082 ## - DEWEY DECIMAL CLASSIFICATION NUMBER
Classification number 330.0922
Item number BLA-G
100 ## - MAIN ENTRY--PERSONAL NAME
Personal name Mark Blaug
245 ## - TITLE STATEMENT
Title Great economists before keynes
Statement of responsibility, etc Mark Blaug
260 ## - PUBLICATION, DISTRIBUTION, ETC. (IMPRINT)
Place of publication, distribution, etc New York,USA:
Name of publisher, distributor, etc Cambridge University Press,
Date of publication, distribution, etc 1996
300 ## - PHYSICAL DESCRIPTION
Extent 286 p.
546 ## - LANGUAGE NOTE
Language note EN
650 ## - SUBJECT ADDED ENTRY--TOPICAL TERM
Topical term or geographic name as entry element Economists-Biography
942 ## - ADDED ENTRY ELEMENTS (KOHA)
Koha item type Books
Holdings
Withdrawn status Lost status Damaged status Not for loan Home library Current library Date acquired Total Checkouts Full call number Barcode Date last seen Price effective from Koha item type
        UMT Main Campus UMT Main Campus 2014-04-07   330.0922 BLA-G 22616 2014-04-23 2014-04-23 Books